[Event "CCM2 - 9. ORDIX Open"]
[Site "Mainz"]
[Date "2002.??.??"]
[Round "11"]
[White "Epishin, Vladimir"]
[Black "Bologan, Viktor"]
[Result "0-1"]
[WhiteElo "2643"]
[BlackElo "2631"]
[PlyCount "134"]
[EventDate "2002.??.??"]
[EventType "tourn (rapid)"]
[EventRounds "11"]
[EventCountry "GER"]
[Source "Mike Rosa"]
[SourceDate "2009.01.01"]

1. d4 Nf6 2. c4 e6 3. Nc3 Bb4 4. e3 O-O 5. Bd3 d5 6. cxd5 exd5 7. Nge2 Re8 8.
O-O Bf8 9. Bd2 a6 10. Qc2 Nbd7 11. Rad1 b5 12. Ng3 c5 13. dxc5 Nxc5 14. Nce2
Bb7 15. Bc3 Nxd3 16. Rxd3 Rc8 17. Qd2 Nd7 18. Rd1 Nc5 19. Rd4 Ne6 20. Rg4 Rc4
21. Nd4 Nxd4 22. Rxd4 Qc8 23. a3 Rxd4 24. Bxd4 Qd7 25. Ne2 Rc8 26. h3 Qc7 27.
Rc1 Qd8 28. Rxc8 Qxc8 29. Nc1 a5 30. Nd3 Qc4 31. Bc3 a4 32. Bb4 d4 33. Bxf8
dxe3 34. Qxe3 Kxf8 35. f3 Qd5 36. Kf2 h6 37. h4 Kg8 38. Nc5 Bc6 39. Qc3 Qd8 40.
g3 Qd5 41. Na6 Qe6 42. Nb4 Bb7 43. Qd4 Qh3 44. Qf4 Qh2+ 45. Ke3 Qg1+ 46. Kd2
Qf2+ 47. Kc3 Bxf3 48. Nd3 Qe2 49. Qd4 Be4 50. Nc5 Qe1+ 51. Qd2 Qxg3+ 52. Kb4
Bg6 53. Qd4 Qb8 54. Nd7 Qd8 55. Kxb5 Bf5 56. Kb4 Qxd7 57. Qe5 Qb7+ 58. Kc5 Bd7
59. Qe7 Qc6+ 60. Kb4 Qb6+ 61. Kc3 Qb3+ 62. Kd2 Qxb2+ 63. Ke3 Qb6+ 64. Kd3 Qe6
65. Qd8+ Qe8 66. Qb6 Bb5+ 67. Kc3 Qc6+ 0-1

[Event "CCM2 - 9. ORDIX Open"]
[Site "Mainz"]
[Date "2002.??.??"]
[Round "11"]
[White "Vaganian, Rafael"]
[Black "Svidler, Peter"]
[Result "1/2-1/2"]
[WhiteElo "2667"]
[BlackElo "2750"]
[PlyCount "31"]
[EventDate "2002.??.??"]
[EventType "tourn (rapid)"]
[EventRounds "11"]
[EventCountry "GER"]
[Source "Mike Rosa"]
[SourceDate "2009.01.01"]

1. Nf3 Nf6 2. c4 g6 3. g3 Bg7 4. Bg2 O-O 5. O-O c6 6. Nc3 d5 7. cxd5 cxd5 8. d4
Ne4 9. Nxe4 dxe4 10. Ne5 Nd7 11. Nxd7 Bxd7 12. Bxe4 Bh3 13. Bxb7 Rb8 14. Bg2
Bxg2 15. Kxg2 Bxd4 16. f3 1/2-1/2

[Event "CCM3 - 10. ORDIX Open"]
[Site "Mainz"]
[Date "2003.??.??"]
[Round "1"]
[White "Beutel, Jens"]
[Black "Dreev, Alexey"]
[Result "0-1"]
[WhiteElo "2063"]
[BlackElo "2698"]
[PlyCount "214"]
[EventDate "2003.??.??"]
[EventType "rapid"]
[EventCountry "GER"]
[Source "Mike Rosa"]
[SourceDate "2009.01.01"]

1. e4 c6 2. d4 d5 3. exd5 cxd5 4. Bd3 Nc6 5. c3 Qc7 6. Ne2 Bg4 7. h3 Bh5 8. Qb3
e6 9. Bf4 Bd6 10. Bxd6 Qxd6 11. Ng3 Bg6 12. Bxg6 hxg6 13. Nd2 Nf6 14. Nf3 Nd7
15. O-O O-O-O 16. Rfe1 Kb8 17. a4 Rc8 18. a5 a6 19. Qd1 Ka8 20. Qd2 Qc7 21. b4
Na7 22. Rac1 Nb5 23. Ne2 Nd6 24. Qd3 Qc4 25. Red1 Qxd3 26. Rxd3 Ne4 27. Nd2
Nxd2 28. Rxd2 Nf6 29. f3 Ne8 30. Nf4 Nd6 31. Nd3 g5 32. Nc5 Kb8 33. Re2 Rh6 34.
Re5 Rg6 35. Kf2 Kc7 36. Re2 Kd8 37. Rce1 Rb8 38. Ra2 Ke7 39. Rae2 Rh8 40. Rc1
Kd8 41. Nd3 Ke7 42. Nc5 Rf6 43. Ree1 Rf5 44. Nd3 Rh4 45. Re5 Rxe5 46. Nxe5 Rh8
47. Nd3 Kd7 48. Nc5+ Kc6 49. Ke2 Nc4 50. Ra1 Re8 51. Kf2 Nd6 52. Nd3 Kd7 53.
Rc1 Ke7 54. Nc5 Rc8 55. Ke2 Rc7 56. Kd2 Nf5 57. Re1 Nh4 58. Re2 Kd6 59. Ke1 Ng6
60. Kf2 Kc6 61. Rc2 Kb5 62. Ke3 Nf4 63. Nd3 Ng6 64. Nc5 Kc4 65. g3 Ne7 66. Kf2
Nf5 67. Rc1 Nd6 68. Ke2 Rc8 69. Kd2 Rh8 70. Rh1 Kb5 71. Kd3 Kc6 72. Rh2 Nf5 73.
g4 Nh4 74. Ke3 Ng6 75. Nd3 Kd6 76. Nc5 Rb8 77. Nd3 Rc8 78. Nc5 Kc6 79. Kd2 Rh8
80. Ke3 Nf4 81. Nd3 Nxd3 82. Kxd3 f6 83. Kd2 e5 84. Kd3 Kd6 85. c4 dxc4+ 86.
Kxc4 Rc8+ 87. Kd3 Rc1 88. dxe5+ Kxe5 89. h4 gxh4 90. Rxh4 Kf4 91. Rh7 Rc7 92.
Ke2 Re7+ 93. Kf2 Rd7 94. Ke2 Rc7 95. Rh5 Kg3 96. Rf5 Re7+ 97. Kd3 Kf2 98. g5
fxg5 99. Rxg5 Kxf3 100. Rf5+ Kg4 101. Rf1 g5 102. Kd4 Kh3 103. Kc5 g4 104. Rh1+
Kg2 105. Rh6 g3 106. Rg6 Rf7 107. b5 Kf2 0-1

[Event "CCM3 - 10. ORDIX Open"]
[Site "Mainz"]
[Date "2003.??.??"]
[Round "1"]
[White "Grischuk, Alexander"]
[Black "Tischendorf, Michael"]
[Result "1-0"]
[WhiteElo "2732"]
[BlackElo "2213"]
[Annotator "Mike Rosa"]
[PlyCount "43"]
[EventDate "2003.??.??"]
[EventType "rapid"]
[EventCountry "GER"]
[Source "Mike Rosa"]
[SourceDate "2009.01.01"]

1. e4 e6 2. d4 d5 3. Nc3 Bb4 4. e5 c5 5. a3 Ba5 6. b4 cxd4 7. Nb5 Bc7 8. f4 Bd7
9. Nxc7+ Qxc7 10. Nf3 Nc6 11. Bd3 Nh6 12. O-O O-O 13. Qe2 Rac8 14. Ng5 g6 15.
Rf3 Nf5 16. Bxf5 exf5 17. Rh3 d3 $4 (17... h5 $8 $13) 18. Nxh7 Kg7 (18... dxe2
$4 19. Nf6+ Kg7 20. Rh7#) 19. Nf6 $5 Rh8 20. Rxd3 $18 Nd8 21. e6 Nxe6 $2 22.
Nxd5 (22. Nxd5 Qxc2 23. Qe5+ Kg8 (23... Kh7 24. Rh3+ $18) 24. Ne7+ Kf8 25.
Nxg6+ $3 (25. Nxc8 $18) 25... fxg6 26. Rxd7 $18) 1-0

[Event "CCM3 - 10. ORDIX Open"]
[Site "Mainz"]
[Date "2003.??.??"]
[Round "1"]
[White "Kasimdzhanov, Rustam"]
[Black "Kohtz, Andreas"]
[Result "1-0"]
[WhiteElo "2664"]
[BlackElo "2126"]
[PlyCount "71"]
[EventDate "2003.??.??"]
[EventType "rapid"]
[EventCountry "GER"]
[Source "Mike Rosa"]
[SourceDate "2009.01.01"]

1. e4 Nf6 2. e5 Nd5 3. d4 d6 4. Nf3 dxe5 5. Nxe5 g6 6. Bc4 c6 7. O-O Bg7 8. Re1
O-O 9. Bb3 Be6 10. Nd2 Nd7 11. Nef3 Nc7 12. Ne4 Bxb3 13. axb3 h6 14. h3 Kh7 15.
Bf4 Re8 16. Bg3 Nd5 17. c4 N5f6 18. Nc3 a6 19. Qc2 Rc8 20. Rad1 Qa5 21. d5 cxd5
22. cxd5 Nxd5 23. b4 Nxb4 24. Qb3 Nb6 25. Qxf7 Qf5 26. Rxe7 Qxf7 27. Rxf7 Kg8
28. Rxb7 Rc6 29. Bc7 Bxc3 30. bxc3 N4d5 31. Be5 Re7 32. Rb8+ Kf7 33. Bd4 Nxc3
34. Bxc3 Rxc3 35. Rxb6 Ra7 36. Ne5+ 1-0

[Event "CCM3 - 10. ORDIX Open"]
[Site "Mainz"]
[Date "2003.??.??"]
[Round "1"]
[White "Resa, Hans Farid"]
[Black "Nisipeanu, Liviu Dieter"]
[Result "0-1"]
[WhiteElo "1574"]
[BlackElo "2666"]
[PlyCount "58"]
[EventDate "2003.??.??"]
[EventType "rapid"]
[EventCountry "GER"]
[Source "Mike Rosa"]
[SourceDate "2009.01.01"]

1. e4 g6 2. d4 Bg7 3. Bc4 c6 4. Be3 d5 5. exd5 cxd5 6. Bd3 Nc6 7. c3 Nf6 8. Nd2
Bf5 9. Qc2 e6 10. Ngf3 Qc7 11. Rc1 O-O 12. O-O Rac8 13. Bxf5 exf5 14. Bg5 Ne4
15. Nxe4 fxe4 16. Nd2 Nxd4 17. Qd1 Ne6 18. Be3 f5 19. Nb3 Qd7 20. Nd4 Nc5 21.
Ne2 Nd3 22. Rc2 f4 23. Bd2 Qe6 24. Nc1 Ne5 25. h3 f3 26. Kh2 Ng4+ 27. hxg4 Qxg4
28. gxf3 Rxf3 29. Bf4 Rh3# 0-1

[Event "CCM3 - 10. ORDIX Open"]
[Site "Mainz"]
[Date "2003.??.??"]
[Round "1"]
[White "Sokolov, Ivan"]
[Black "Weick, Bjoern"]
[Result "1-0"]
[WhiteElo "2693"]
[BlackElo "2029"]
[PlyCount "59"]
[EventDate "2003.??.??"]
[EventType "rapid"]
[EventCountry "GER"]
[Source "Mike Rosa"]
[SourceDate "2009.01.01"]

1. d4 f5 2. Nc3 Nf6 3. Bg5 d5 4. f3 Nc6 5. Qd2 e6 6. Nh3 Be7 7. Nf4 O-O 8. e3
a6 9. h4 Qe8 10. h5 Ne4 11. fxe4 Bxg5 12. e5 Bh6 13. a3 Bd7 14. Bd3 Rc8 15.
Nce2 Nd8 16. c4 c6 17. c5 Nf7 18. g4 Ng5 19. O-O-O fxg4 20. Qc2 Qe7 21. Rdg1
Rb8 22. Rxg4 b6 23. Rhg1 bxc5 24. Rxg5 Rxf4 25. Bxh7+ Kf7 26. Qg6+ Kf8 27. exf4
Bxg5 28. fxg5 Be8 29. Rf1+ Bf7 30. h6 1-0

[Event "CCM3 - 10. ORDIX Open"]
[Site "Mainz"]
[Date "2003.??.??"]
[Round "2"]
[White "Dreev, Alexey"]
[Black "Kandic, Milan"]
[Result "1-0"]
[WhiteElo "2698"]
[BlackElo "2263"]
[PlyCount "49"]
[EventDate "2003.??.??"]
[EventType "rapid"]
[EventCountry "GER"]
[Source "Mike Rosa"]
[SourceDate "2009.01.01"]

1. d4 Nf6 2. c4 d6 3. Nc3 Nbd7 4. e4 e5 5. Nf3 Be7 6. Be2 O-O 7. O-O c6 8. d5
Qc7 9. Be3 Ng4 10. Bd2 Kh8 11. Ne1 f5 12. Bxg4 fxg4 13. Qxg4 Nf6 14. Qe2 Bg4
15. f3 Bh5 16. Nd3 b5 17. Nb4 cxd5 18. Nbxd5 Nxd5 19. Nxd5 Qb7 20. cxb5 Rab8
21. Be3 Bd8 22. a4 Bf7 23. Rfd1 a6 24. bxa6 Ra8 25. Bc1 1-0

[Event "CCM3 - 10. ORDIX Open"]
[Site "Mainz"]
[Date "2003.??.??"]
[Round "2"]
[White "Kuklin, Valentin"]
[Black "Grischuk, Alexander"]
[Result "0-1"]
[WhiteElo "2268"]
[BlackElo "2732"]
[PlyCount "90"]
[EventDate "2003.??.??"]
[EventType "rapid"]
[EventCountry "GER"]
[Source "Mike Rosa"]
[SourceDate "2009.01.01"]

1. e4 e5 2. Nf3 Nc6 3. Bb5 a6 4. Ba4 Nf6 5. O-O b5 6. Bb3 Bc5 7. d3 d6 8. c3
O-O 9. Bg5 h6 10. Bh4 Kh8 11. d4 Bb6 12. dxe5 dxe5 13. Qxd8 Nxd8 14. Nbd2 Re8
15. Bg3 Nd7 16. Rfd1 f6 17. Kf1 Nc5 18. Bc2 Be6 19. Ne1 Nf7 20. Nd3 Nxd3 21.
Bxd3 Nd6 22. f3 Kg8 23. Bf2 Bxf2 24. Kxf2 Kf8 25. Nb3 Nb7 26. Be2 c6 27. Rac1
a5 28. Ra1 Ke7 29. Ke1 g5 30. Nd2 Nd6 31. a4 Reb8 32. axb5 cxb5 33. b4 axb4 34.
cxb4 Ra4 35. Rdc1 Rb7 36. Rab1 h5 37. Bd1 Ra2 38. Nb3 Rxg2 39. Nc5 Ra7 40. Rc2
Rxc2 41. Bxc2 Ra2 42. Rc1 Bc4 43. Bd3 Rxh2 44. Bxc4 Nxc4 45. Na6 Rh3 0-1

[Event "CCM3 - 10. ORDIX Open"]
[Site "Mainz"]
[Date "2003.??.??"]
[Round "2"]
[White "Namyslo, Holger"]
[Black "Sokolov, Ivan"]
[Result "0-1"]
[WhiteElo "2268"]
[BlackElo "2693"]
[PlyCount "48"]
[EventDate "2003.??.??"]
[EventType "rapid"]
[EventCountry "GER"]
[Source "Mike Rosa"]
[SourceDate "2009.01.01"]

1. e4 e5 2. Nf3 Nc6 3. Bb5 a6 4. Ba4 Nf6 5. d4 exd4 6. O-O Be7 7. e5 Ne4 8.
Nxd4 O-O 9. Nf5 d5 10. Bxc6 bxc6 11. Nxe7+ Qxe7 12. Re1 f6 13. f3 Nc5 14. exf6
Qxf6 15. Be3 Ne6 16. c3 Rb8 17. Qd2 Qg6 18. Kh1 c5 19. b4 cxb4 20. cxb4 d4 21.
Bg1 Bb7 22. Na3 Rxf3 23. Nc4 Nf4 24. Ne5 Rf2 0-1

[Event "CCM3 - 10. ORDIX Open"]
[Site "Mainz"]
[Date "2003.??.??"]
[Round "2"]
[White "Nisipeanu, Liviu Dieter"]
[Black "Schaack, Harry"]
[Result "1-0"]
[WhiteElo "2666"]
[BlackElo "2261"]
[Annotator "Mike Rosa"]
[PlyCount "79"]
[EventDate "2003.??.??"]
[EventType "rapid"]
[EventCountry "GER"]
[Source "Mike Rosa"]
[SourceDate "2009.01.01"]

1. c4 Nf6 2. Nc3 g6 3. g3 Bg7 4. Bg2 O-O 5. Nf3 Nc6 6. O-O a6 7. d3 Rb8 8. b3
$5 e5 (8... d5 $5 9. Bb2 d4 10. Nd5 Nh5 11. Qd2 a5 12. Rad1 e6 13. Nf4 Nxf4 14.
Qxf4 a4 15. b4 b5 16. a3 e5 $13) 9. Bb2 d6 10. Nd2 $5 Nh5 11. Nd5 f5 12. f4 Ne7
13. fxe5 dxe5 $6 (13... Bxe5 $142 14. d4 (14. Bxe5 $6 dxe5 $15 {[%csl Rd4,Re4]}
) 14... Bg7 $11) 14. Ba3 Re8 (14... Nxd5 $5 15. Bxd5+ (15. Bxf8 $4 Ne3 $19)
15... Kh8 16. Bxf8 Bxf8 $44) 15. Nxe7+ Rxe7 16. Bxe7 Qxe7 17. e3 f4 $6 (17...
Bh6 $142 $5 18. Qe2 Nf6 $44) 18. Ne4 $5 fxg3 $2 (18... fxe3 $142 $1 19. Qe2 Bh6
20. Bf3 $1 Ng7 21. Nf6+ $1 Kh8 (21... Qxf6 $4 22. Bd5+ $18 {[%cal Gd5g8,Gf1f6]}
) 22. Nd5 Qc5 23. b4 Qd4 24. Nxc7 $13) 19. hxg3 $16 Be6 20. Qe2 c6 21. Bf3 Nf6
22. Nxf6+ Bxf6 23. Be4 Bg5 24. Kg2 Kg7 25. Rh1 Rd8 26. Rxh7+ $5 Kxh7 27. Qh5+
Kg8 28. Qxg6+ Kf8 29. Rf1+ Bf7 30. Rxf7+ $6 (30. Rf5 $142 $1 Bxe3 $8 31. Qh7 $1
{/\Qh8#} Qe6 $8 32. Bf3 $3 {/\Bh5 / Bg4} Ke7 33. Qh4+ Kd7 34. Bg4 $1 (34. Rf6
$5 $16) 34... Kc7 $8 35. Rf6 Qe8 36. Qh7 $18) 30... Qxf7 31. Qxg5 Qe7 $1 32.
Qf5+ Ke8 33. g4 Rd7 $2 (33... Qg7 $142 $1 $11 {/\Ke7 & Rf8 / Rg8} 34. g5 Ke7
35. g6 Rf8 36. Qg5+ Qf6 37. Qxf6+ Kxf6 $11) 34. g5 Kd8 35. Kg3 Kc7 36. Kg4 Qg7
37. Qf6 $18 Qxf6 38. gxf6 Rf7 $2 39. Kf5 Kd6 40. c5+ $1 1-0

[Event "CCM3 - 10. ORDIX Open"]
[Site "Mainz"]
[Date "2003.??.??"]
[Round "2"]
[White "Prang, Edgar"]
[Black "Kasimdzhanov, Rustam"]
[Result "0-1"]
[WhiteElo "2262"]
[BlackElo "2664"]
[PlyCount "76"]
[EventDate "2003.??.??"]
[EventType "rapid"]
[EventCountry "GER"]
[Source "Mike Rosa"]
[SourceDate "2009.01.01"]

1. d4 d5 2. Nf3 Nf6 3. e3 g6 4. Bd3 Bg7 5. O-O O-O 6. Nbd2 Nbd7 7. c4 c5 8.
cxd5 Nxd5 9. Nb3 cxd4 10. exd4 b6 11. Re1 Bb7 12. Bg5 N7f6 13. Qd2 Qd6 14. Rac1
a5 15. a3 Rac8 16. Ne5 e6 17. Bh6 Rfd8 18. Bxg7 Kxg7 19. Rxc8 Rxc8 20. Rc1
Rxc1+ 21. Nxc1 Qc7 22. Ne2 Nd7 23. Ng4 N5f6 24. Qh6+ Kg8 25. Nxf6+ Nxf6 26. Qf4
Qxf4 27. Nxf4 Kf8 28. f3 Ke7 29. Kf2 Kd6 30. Ke3 g5 31. Ne2 h6 32. Nc3 Bc6 33.
Be4 Bd7 34. g3 Ng8 35. Bd3 f5 36. Nb5+ Bxb5 37. Bxb5 Nf6 38. Bc4 g4 0-1

[Event "CCM3 - 10. ORDIX Open"]
[Site "Mainz"]
[Date "2003.??.??"]
[Round "3"]
[White "Dinstuhl, Volkmar"]
[Black "Nisipeanu, Liviu Dieter"]
[Result "0-1"]
[WhiteElo "2439"]
[BlackElo "2666"]
[PlyCount "36"]
[EventDate "2003.??.??"]
[EventType "rapid"]
[EventCountry "GER"]
[Source "Mike Rosa"]
[SourceDate "2009.01.01"]

1. d4 Nf6 2. c4 e6 3. Nf3 Bb4+ 4. Nbd2 b6 5. g3 Bb7 6. Bg2 O-O 7. O-O d5 8. Ne5
Nbd7 9. Ndf3 Be7 10. b3 c5 11. Bb2 Rc8 12. Rc1 cxd4 13. Qxd4 Nc5 14. Rfd1 Nce4
15. cxd5 Bc5 16. Rxc5 bxc5 17. Qa4 exd5 18. Qxa7 Qc7 0-1

[Event "CCM3 - 10. ORDIX Open"]
[Site "Mainz"]
[Date "2003.??.??"]
[Round "3"]
[White "Grischuk, Alexander"]
[Black "Milov, Leonid"]
[Result "1/2-1/2"]
[WhiteElo "2732"]
[BlackElo "2466"]
[PlyCount "90"]
[EventDate "2003.??.??"]
[EventType "rapid"]
[EventCountry "GER"]
[Source "Mike Rosa"]
[SourceDate "2009.01.01"]

1. e4 d5 2. exd5 Qxd5 3. Nc3 Qa5 4. d4 Nf6 5. Nf3 Nc6 6. Bb5 Ne4 7. a4 a6 8.
Bxc6+ bxc6 9. O-O Nxc3 10. bxc3 Bf5 11. Bd2 Qd5 12. Qb1 Be4 13. Re1 Bxf3 14.
Re5 Qd8 15. gxf3 e6 16. Qb7 Kd7 17. Qb3 Bd6 18. Re4 Re8 19. Rae1 f5 20. Rxe6
Qh4 21. f4 Qg4+ 22. Kf1 Qh3+ 23. Kg1 Qg4+ 24. Kf1 Qf3 25. R1e3 Qd5 26. Qxd5
cxd5 27. Rxe8 Rxe8 28. Rxe8 Kxe8 29. Ke2 Kf7 30. Kd3 h5 31. h3 Ke6 32. c4 c6
33. cxd5+ cxd5 34. c4 Be7 35. f3 Bd8 36. Bb4 Bc7 37. Bd2 g6 38. Bc1 Bd8 39. Kc3
Ba5+ 40. Kd3 Bd8 41. Bd2 Bc7 42. Be3 Bd8 43. Bf2 Bc7 44. Be3 Bd8 45. Bd2 Bc7
1/2-1/2

[Event "CCM3 - 10. ORDIX Open"]
[Site "Mainz"]
[Date "2003.??.??"]
[Round "3"]
[White "Kasimdzhanov, Rustam"]
[Black "Vogt, Lothar"]
[Result "1-0"]
[WhiteElo "2664"]
[BlackElo "2452"]
[PlyCount "77"]
[EventDate "2003.??.??"]
[EventType "rapid"]
[EventCountry "GER"]
[Source "Mike Rosa"]
[SourceDate "2009.01.01"]

1. e4 c5 2. Nf3 g6 3. d4 cxd4 4. Nxd4 Nc6 5. c4 Nf6 6. Nc3 d6 7. Nc2 Bg7 8. Be2
O-O 9. O-O a6 10. Be3 Be6 11. Qd2 Rc8 12. b3 Qa5 13. Rad1 b5 14. cxb5 axb5 15.
Nxb5 Qxd2 16. Bxd2 Nxe4 17. Be3 Ra8 18. Bf3 d5 19. a4 Rfc8 20. Ncd4 Nxd4 21.
Bxd4 Bxd4 22. Nxd4 Ng5 23. Be2 Bd7 24. Bb5 Bxb5 25. Nxb5 e6 26. f3 h5 27. Rc1
Rcb8 28. Rc5 Rb7 29. Rfc1 Kg7 30. Kf2 Nh7 31. Rc7 Rxc7 32. Rxc7 Ra6 33. Rb7 Nf6
34. Nc7 Rc6 35. a5 d4 36. a6 Nd5 37. Nxd5 Rc2+ 38. Ke1 exd5 39. Rb4 1-0

[Event "CCM3 - 10. ORDIX Open"]
[Site "Mainz"]
[Date "2003.??.??"]
[Round "3"]
[White "Shirazi, Kamran"]
[Black "Dreev, Alexey"]
[Result "0-1"]
[WhiteElo "2458"]
[BlackElo "2698"]
[PlyCount "122"]
[EventDate "2003.??.??"]
[EventType "rapid"]
[EventCountry "GER"]
[Source "Mike Rosa"]
[SourceDate "2009.01.01"]

1. e4 c6 2. d4 d5 3. Nc3 dxe4 4. Nxe4 Bf5 5. Ng3 Bg6 6. Nf3 Nd7 7. Nh4 Ngf6 8.
c3 e6 9. Be2 Bd6 10. Nxg6 hxg6 11. Qd3 Qc7 12. Ne4 Bf4 13. Nd2 O-O-O 14. g3 Bh6
15. Nf3 Bxc1 16. Rxc1 e5 17. Qc4 Nb6 18. Qb3 exd4 19. cxd4 Rhe8 20. Rc2 Nbd5
21. O-O Qb6 22. Bc4 Kb8 23. Kg2 Re7 24. a3 Qxb3 25. Bxb3 Nc7 26. Ne5 Nfd5 27.
Ba4 Ne6 28. Nf3 Nb6 29. Bb3 Nxd4 30. Rd1 Ne6 31. Rxd8+ Nxd8 32. h4 Kc7 33. Rd2
Nd7 34. Ng5 Nc5 35. Ba2 Nde6 36. Nf3 Nd7 37. b4 Nef8 38. Ng5 f6 39. Nh3 Ne5 40.
Nf4 Rd7 41. Re2 Rd1 42. Bg8 Kb6 43. Rc2 a5 44. bxa5+ Kxa5 45. Rb2 b5 46. Ne2
Nd3 47. Rb3 Rd2 48. Kf1 Nd7 49. Rc3 c5 50. Bh7 N7e5 51. f4 Ng4 52. Bxg6 Ne3+
53. Kg1 Rd1+ 54. Kh2 Nf2 55. Ng1 Nfg4+ 56. Kh1 c4 57. Bh5 Rd3 58. Rc1 Rxa3 59.
Ne2 Ra2 60. Nc3 Rh2+ 61. Kg1 Rg2+ 0-1

[Event "CCM3 - 10. ORDIX Open"]
[Site "Mainz"]
[Date "2003.??.??"]
[Round "3"]
[White "Sokolov, Ivan"]
[Black "Kunin, Vitaly"]
[Result "1-0"]
[WhiteElo "2693"]
[BlackElo "2456"]
[PlyCount "57"]
[EventDate "2003.??.??"]
[EventType "rapid"]
[EventCountry "GER"]
[Source "Mike Rosa"]
[SourceDate "2009.01.01"]

1. d4 b6 2. c4 Bb7 3. Nc3 e6 4. Nf3 Nf6 5. a3 d5 6. cxd5 Nxd5 7. Qc2 Be7 8. e4
Nxc3 9. bxc3 O-O 10. Bd3 c5 11. O-O Nd7 12. Bf4 Rc8 13. Qe2 g6 14. a4 Bf6 15.
Rfd1 Re8 16. Bb5 Bc6 17. e5 Bg7 18. h4 Qc7 19. h5 Nb8 20. Ng5 a6 21. Bd3 Red8
22. hxg6 hxg6 23. Qg4 cxd4 24. Bxg6 Be8 25. Bh7+ Kf8 26. cxd4 Nc6 27. Rac1 Qe7
28. Be4 Qb4 29. Nh7+ 1-0

[Event "CCM3 - 10. ORDIX Open"]
[Site "Mainz"]
[Date "2003.??.??"]
[Round "4"]
[White "Dreev, Alexey"]
[Black "Jussupow, Artur"]
[Result "1-0"]
[WhiteElo "2698"]
[BlackElo "2583"]
[PlyCount "75"]
[EventDate "2003.??.??"]
[EventType "rapid"]
[EventCountry "GER"]
[Source "Mike Rosa"]
[SourceDate "2009.01.01"]

1. d4 d5 2. c4 e6 3. Nf3 Nf6 4. Nc3 c5 5. cxd5 Nxd5 6. e4 Nxc3 7. bxc3 cxd4 8.
cxd4 Bb4+ 9. Bd2 Bxd2+ 10. Qxd2 O-O 11. Bc4 b6 12. O-O Bb7 13. Rfe1 Nc6 14.
Rad1 Rc8 15. d5 Na5 16. Bd3 exd5 17. e5 Nc4 18. Qf4 Nb2 19. Bxh7+ Kxh7 20. Ng5+
Kg6 21. h4 Qe7 22. Rd2 Rc4 23. Qg3 Kh6 24. Rxb2 f6 25. Nf3 Re4 26. Rbe2 Kh7 27.
exf6 gxf6 28. Rxe4 dxe4 29. Qf4 Rg8 30. Nd4 Qe5 31. Qe3 f5 32. Ne2 Rc8 33. Rd1
Bc6 34. Qg5 Rg8 35. Qh5+ Kg7 36. Ng3 Kf6 37. Qh6+ Rg6 38. Nh5+ 1-0

[Event "CCM3 - 10. ORDIX Open"]
[Site "Mainz"]
[Date "2003.??.??"]
[Round "4"]
[White "Luther, Thomas"]
[Black "Kasimdzhanov, Rustam"]
[Result "0-1"]
[WhiteElo "2574"]
[BlackElo "2664"]
[PlyCount "68"]
[EventDate "2003.??.??"]
[EventType "rapid"]
[EventCountry "GER"]
[Source "Mike Rosa"]
[SourceDate "2009.01.01"]

1. e4 e5 2. Nf3 Nc6 3. Bb5 a6 4. Ba4 Nf6 5. O-O b5 6. Bb3 Bb7 7. d3 Bd6 8. a3
O-O 9. Nc3 h6 10. Ba2 Bc5 11. Be3 d6 12. Nh4 Nd4 13. Bxd4 exd4 14. Ne2 d5 15.
exd5 Nxd5 16. Nf5 Qg5 17. Neg3 Nf4 18. b4 Bd6 19. Nxd6 cxd6 20. f3 h5 21. Rf2
h4 22. Ne4 Bxe4 23. dxe4 Nh3+ 24. Kf1 Nxf2 25. Kxf2 Rac8 26. Bb3 Qe3+ 27. Kf1
h3 28. Qe1 Qf4 29. Qg3 Qxg3 30. hxg3 h2 31. Ke2 Rc3 32. Rh1 Rfc8 33. Rxh2 d3+
34. Kd2 dxc2 0-1

[Event "CCM3 - 10. ORDIX Open"]
[Site "Mainz"]
[Date "2003.??.??"]
[Round "4"]
[White "Nisipeanu, Liviu Dieter"]
[Black "Huzman, Alexander"]
[Result "0-1"]
[WhiteElo "2666"]
[BlackElo "2574"]
[PlyCount "52"]
[EventDate "2003.??.??"]
[EventType "rapid"]
[EventCountry "GER"]
[Source "Mike Rosa"]
[SourceDate "2009.01.01"]

1. e4 e6 2. d4 d5 3. Nd2 c5 4. Ngf3 cxd4 5. exd5 Qxd5 6. Bc4 Qd6 7. O-O Nf6 8.
Nb3 Nc6 9. Nbxd4 Nxd4 10. Qxd4 Qxd4 11. Nxd4 Bd7 12. b3 Bc5 13. Bb2 O-O 14.
Rad1 Rfd8 15. Be2 Rac8 16. c4 e5 17. Nc2 Bg4 18. Bf3 Rxd1 19. Rxd1 e4 20. Bxg4
Nxg4 21. Bd4 Rd8 22. b4 Bb6 23. c5 Bc7 24. Ne3 Bxh2+ 25. Kf1 Be5 26. Bxe5 Nxe3+
0-1

[Event "CCM3 - 10. ORDIX Open"]
[Site "Mainz"]
[Date "2003.??.??"]
[Round "4"]
[White "Vallejo Pons, Francisco"]
[Black "Bischoff, Klaus"]
[Result "1-0"]
[WhiteElo "2662"]
[BlackElo "2561"]
[PlyCount "69"]
[EventDate "2003.??.??"]
[EventType "rapid"]
[EventCountry "GER"]
[Source "Mike Rosa"]
[SourceDate "2009.01.01"]

1. e4 c5 2. Nf3 e6 3. d4 cxd4 4. Nxd4 Nc6 5. Nc3 d6 6. Be3 a6 7. Qd2 Bd7 8.
O-O-O Rc8 9. Kb1 b5 10. Nxc6 Bxc6 11. f3 Nf6 12. Ne2 Be7 13. Nd4 Bb7 14. g4 Nd7
15. Be2 O-O 16. h4 Ne5 17. b3 d5 18. f4 Nc6 19. e5 Bb4 20. Nxc6 Bxd2 21. Nxd8
Bxe3 22. Nxb7 Bxf4 23. b4 Bxe5 24. Nc5 Rxc5 25. bxc5 Rc8 26. Rh3 Rxc5 27. Ra3
Rc6 28. Bxb5 Rb6 29. c4 axb5 30. Ra8+ Rb8 31. Rxb8+ Bxb8 32. cxb5 Kf8 33. Rc1
Ke7 34. Rc8 Bg3 35. b6 1-0

[Event "CCM3 - 10. ORDIX Open"]
[Site "Mainz"]
[Date "2003.??.??"]
[Round "5"]
[White "Agrest, Evgenij"]
[Black "Dreev, Alexey"]
[Result "1-0"]
[WhiteElo "2605"]
[BlackElo "2698"]
[PlyCount "71"]
[EventDate "2003.??.??"]
[EventType "rapid"]
[EventCountry "GER"]
[Source "Mike Rosa"]
[SourceDate "2009.01.01"]

1. d4 d5 2. c4 c6 3. Nc3 Nf6 4. e3 e6 5. Nf3 Nbd7 6. Qc2 Bd6 7. g4 Bb4 8. Bd2
Qe7 9. Bd3 h6 10. a3 Bxc3 11. Bxc3 b6 12. Rg1 dxc4 13. Bxc4 Bb7 14. O-O-O c5
15. Ne5 Nxe5 16. dxe5 Nd5 17. Bb5+ Kf8 18. Bd2 a6 19. Be2 Rc8 20. Kb1 Qh4 21.
Be1 g6 22. e4 Nf4 23. Bf3 Kg7 24. Rd6 Bc6 25. Qd2 Nh3 26. Rg3 h5 27. gxh5 Bxe4+
28. Ka1 Bxf3 29. hxg6 Bd5 30. gxf7+ Kf8 31. Rxd5 exd5 32. Qxd5 Ng5 33. Qd6+
Kxf7 34. Qf6+ Ke8 35. Rxg5 Qc4 36. Qxh8+ 1-0

[Event "CCM3 - 10. ORDIX Open"]
[Site "Mainz"]
[Date "2003.??.??"]
[Round "5"]
[White "Fridman, Daniel"]
[Black "Aleksandrov, Aleksandar"]
[Result "1/2-1/2"]
[WhiteElo "2592"]
[BlackElo "2659"]
[PlyCount "111"]
[EventDate "2003.??.??"]
[EventType "rapid"]
[EventCountry "GER"]
[Source "Mike Rosa"]
[SourceDate "2009.01.01"]

1. Nf3 Nf6 2. d4 d5 3. Bf4 e6 4. e3 Be7 5. c4 Nh5 6. Be5 Nd7 7. Nc3 c6 8. Be2
Nxe5 9. Nxe5 Nf6 10. O-O O-O 11. Rc1 dxc4 12. Nxc4 Bd7 13. Bf3 Qc7 14. e4 Rfd8
15. e5 Nd5 16. Ne4 Be8 17. Ned6 Nb6 18. b3 Nxc4 19. Nxe8 Rxe8 20. bxc4 Rad8 21.
Re1 Qa5 22. Qb3 Rd7 23. Rcd1 Red8 24. Kf1 Bb4 25. Re4 Bc3 26. d5 cxd5 27. cxd5
Rxd5 28. Rxd5 exd5 29. Ra4 Qc5 30. Qxb7 Bxe5 31. g3 a5 32. Qa6 Bc7 33. Be2 Qc1+
34. Kg2 Qc2 35. Ra3 h6 36. Bd3 Qc5 37. Rb3 Qd6 38. Qxd6 Rxd6 39. Rb7 Bb6 40.
Bb5 Rf6 41. f4 g5 42. Kf3 Kg7 43. Rd7 gxf4 44. gxf4 Bg1 45. Rxd5 Bxh2 46. f5 h5
47. a4 Kh6 48. Bd7 Bc7 49. Rc5 Bb6 50. Rc6 Rxc6 51. Bxc6 Kg5 52. Bd7 h4 53. Kg2
Kg4 54. Kh1 f6 55. Be6 h3 56. Bd7 1/2-1/2